000 00624nam a2200181Ia 4500
008 090123s9999 xx 000 0 und d
082 _b3043
_a891.463/गांगल
100 _aगांगल वसंत
245 _aत्रिकोणाची चौथी बाजू
250 _a1
260 _bसुनंदा प्रकाशन
300 _a104
600 _aगांगल वसंत
630 _aत्रिकोणाची चौथी बाजू
700 _aगांगल वसंत
730 _aत्रिकोणाची चौथी बाजू
942 _cBOOK
999 _c41123
_d41123